Bez pompézně vyhlížejících ceremoniálů
Stratégia prieniku na trh, alebo "trhová penetrácia". Úspešné hľadanie nových trhov. Diferencovaný marketing - vyššia predajnosť aj vyššie náklady. Medzinárodné veľtrhy a priamy kontakt s trhom. Prispôsobenie produktu národným požiadavkám .
Salvato in:
| Autore principale: | |
|---|---|
| Natura: | Capitolo di libro |
| Lingua: | ceco |
| Soggetti: | |
| Tags: |
Nessun Tag, puoi essere il primo ad aggiungerne!!
|
MARC
| LEADER | 00000naa$a2200000$$$4500 | ||
|---|---|---|---|
| 001 | 0026075 | ||
| 005 | 20231018124632.6 | ||
| 041 | 0 | |a cze | |
| 044 | |a CZ | ||
| 245 | 1 | 0 | |a Bez pompézně vyhlížejících ceremoniálů |c Jitka Veselá |
| 520 | |a Stratégia prieniku na trh, alebo "trhová penetrácia". Úspešné hľadanie nových trhov. Diferencovaný marketing - vyššia predajnosť aj vyššie náklady. Medzinárodné veľtrhy a priamy kontakt s trhom. Prispôsobenie produktu národným požiadavkám . | ||
| 610 | 2 | 0 | |a trh |
| 610 | 2 | 0 | |a trh medzinárodný |
| 610 | 2 | 0 | |a stratégia obchodná |
| 610 | 2 | 0 | |a marketing diferencovaný |
| 610 | 2 | 0 | |a stratégia marketingová |
| 610 | 2 | 0 | |a firmy |
| 610 | 2 | 0 | |a produkty |
| 610 | 2 | 0 | |a veľtrhy |
| 610 | 2 | 0 | |a spolupráca medzinárodná |
| 100 | 1 | |a Veselá, Jitka | |